书目信息 |
| 题名: |
化学建筑材料手册
|
|
| 作者: | 陈长明 主编 | |
| 分册: | ||
| 出版信息: | 南昌 江西科学技术出版社 1997.01 |
|
| 页数: | 879页 | |
| 开本: | 16开 | |
| 丛书名: | ||
| 单 册: | ||
| 中图分类: | TU53-62 | |
| 科图分类: | ||
| 主题词: | 建筑材料:有机材料 , 建筑化工材料 | |
| 电子资源: | ||
| ISBN: | 7-5390-1052-5 | |
| 000 | 00617nam0 2200205 45 | |
| 001 | 0008211085 | |
| 005 | 20001002084620.4 | |
| 010 | @a7-5390-1052-5@d88.00元 | |
| 100 | @a20000821d1997 km y0chiy0120 ea | |
| 101 | 0 | @achi |
| 105 | @a z 000yy | |
| 200 | 1 | @a化学建筑材料手册@AHua Xue Jian Zhu Cai Liao Shou Ce@f陈长明等主编@FChen Chang Ming Deng Zhu Bian |
| 210 | @a南昌@c江西科学技术出版社@d1997.01 | |
| 215 | @a879页@d16开 | |
| 606 | 0 | @a建筑材料:有机材料 |
| 606 | 0 | @a建筑化工材料 |
| 690 | @aTU53-62@v3 | |
| 701 | 0 | @a陈长明@4主编 |
| 801 | @aCN@bPftUser@c20000821 | |
| 905 | @dTU53-62@eCH523/1@b160873-874@f2 | |
| 化学建筑材料手册/陈长明等主编.-南昌:江西科学技术出版社,1997.01 |
| 879页;16开 |
| ISBN 7-5390-1052-5:88.00元 |
| ● |
| 相关链接 |
|
|
|
正题名:化学建筑材料手册
索取号:TU53-62/CH523/1
 
预约/预借
| 序号 | 登录号 | 条形码 | 馆藏地/架位号 | 状态 | 备注 |
| 1 | 160873 | 201608732 | 建筑库201/201建筑库 9排1列1层/ [索取号:TU53-62/CH523/1] | 在馆 | |
| 2 | 160874 | 201608741 | 建筑库201/201建筑库 9排1列2层/ [索取号:TU53-62/CH523/1] | 在馆 |